Państwa odwiedzane przez Japończyków najczęściej - Statystyki

Ogólne statystyki
  • Ten quiz został rozwiązany 21 151 razy
  • Średni wynik to 11 z 15
Statystyki odpowiedzi
Podróżujący Państwo % Poprawnych
6,100,000 Stany Zjednoczone
97%
5,200,000 Chiny
96%
730,000 Francja
87%
3,500,000 Korea Południowa
86%
730,000 Niemcy
84%
360,000 Hiszpania
79%
350,000 Australia
77%
350,000 Włochy
72%
450,000 Indonezja
67%
1,400,000 Tajlandia
61%
580,000 Wietnam
59%
410,000 Filipiny
54%
1,400,000 Tajwan
50%
470,000 Malezja
48%
760,000 Singapur
40%
Nie znaleziono quizów pasujących do podanych kryteriów
Rozkład punktacji
Procent ludzi z każdym wynikiem
Percentyl według liczby udzielonych odpowiedzi
Twoja historia wyników
Nie rozwiązałeś tego quizu